Classical Composers by Picture - Statistics

General Stats
  • This quiz has been taken 389 times
    381 since last reset
  • The average score is 15 of 20
Answer Stats
Picture Hint Answer % Correct
Germany, 1770 - 1827 Ludwig van Beethoven
98%
Germany, 1685 - 1750 Johann Sebastian Bach
97%
Austria, 1756 - 1791 Wolfgang Amadeus Mozart
97%
Poland, 1810 - 1849 Frédéric Chopin
86%
Russia, 1840 - 1893 Pyotr Ilyich Tchaikovsky
86%
Italy, 1678 - 1741 Antonio Vivaldi
85%
Germany, 1813 - 1883 Richard Wagner
85%
Germany, 1685 - 1759 George Frideric Handel
79%
Germany, 1833 - 1898 Johannes Brahms
76%
Hungary, 1811 - 1886 Franz Liszt
74%
France, 1862 - 1918 Claude Debussy
73%
Austria, 1797 - 1828 Franz Schubert
71%
Austria, 1732 - 1809 Joseph Haydn
71%
USA, born 1932 John Williams
70%
Czech Republic, 1841 - 1904 Antonín Dvořák
64%
Russia, 1873 - 1943 Sergei Rachmaninoff
63%
Italy, 1813 - 1901 Giuseppe Verdi
62%
Germany, 1810 - 1856 Robert Schumann
57%
UK, 1857 - 1934 Edward Elgar
51%
Czech Republic, 1860 - 1911 Gustav Mahler
51%
No matching quizzes found
Score Distribution
Percent of People with Each Score
Percentile by Number Answered
Your Score History
You have not taken this quiz since the last reset